|
|
|
|
| LEADER |
00615nam a22001932a 4500 |
| 001 |
001398279 |
| 003 |
CZ BrMZK |
| 005 |
20140722111123.0 |
| 007 |
ta |
| 008 |
140627s1961 ru er|||||||||||rus d |
| 040 |
|
|
|a ABA001
|b cze
|d BOA001
|
| 100 |
1 |
|
|a Bernštejn, Inna Abramovna,
|d 1919-1992
|7 jo2007271990
|4 aut
|
| 245 |
1 |
0 |
|a Tvorčeskij put' Marii Pujmanovoj /
|c I.A. Bernštejn
|
| 260 |
|
|
|a Moskva :
|b Akademija nauk SSSR,
|c 1961
|
| 300 |
|
|
|a 261 s., příl.
|
| 910 |
|
|
|a BOA001
|b 2-0459.703
|
| 990 |
|
|
|a BK
|
| 991 |
|
|
|b 201406
|
| 996 |
7 |
|
|b 2619077802
|c 2-0459.703
|l MZK
|r Sklad / do 24 hodin
|n 0
|w 001433325
|u 000010
|a 1
|e BOA001
|j MZK50
|s A
|